Audítorstvo 2 prípadové štúdie
Salvato in:
| Autore principale: | |
|---|---|
| Altri autori: | , , , |
| Natura: | Libro |
| Lingua: | slovacco |
| Pubblicazione: |
Bratislava
Slovenská komora certifikovaných účtovníkov
2019
|
| Edizione: | 1. vydanie |
| Soggetti: | |
| Tags: |
Nessun Tag, puoi essere il primo ad aggiungerne!!
|
MARC
| LEADER | 00000nam a2200000 4500 | ||
|---|---|---|---|
| 001 | 0261512 | ||
| 005 | 20240502074147.3 | ||
| 020 | |a 978-80-972525-4-0 | ||
| 041 | 0 | |a slo | |
| 044 | |a SK | ||
| 245 | 1 | 0 | |a Audítorstvo 2 |b prípadové štúdie |c Ladislav Kareš, Petra Krišková, Ján Užík ; lektorovali: Veronika Kňažková, Miroslav Džupinka |
| 250 | |a 1. vydanie | ||
| 264 | 1 | |a Bratislava |b Slovenská komora certifikovaných účtovníkov |c 2019 | |
| 300 | |a 146 s. [8,3 AH] | ||
| 610 | 2 | 0 | |a audítorstvo |
| 610 | 2 | 0 | |a štúdie prípadové |
| 610 | 2 | 0 | |a štandardy audítorské medzinárodné |
| 610 | 2 | 0 | |a riziko |
| 610 | 2 | 0 | |a audítori |
| 610 | 2 | 0 | |a audit |
| 610 | 2 | 0 | |a závierka účtovná |
| 100 | 1 | |a Kareš, Ladislav | |
| 700 | 1 | |a Krišková, Petra, 1981- | |
| 700 | 1 | |a Užík, Ján, 1969- | |
| 700 | 1 | |a Kňažková, Veronika, 1986- | |
| 700 | 1 | |a Džupinka, Miroslav | |